[Event "DRUZYNOWE MISTRZOSTWA POLSKI - II LIGA 2018"]
[Site "Jastrzebia Gora"]
[Date "1899-12-30"]
[Round "3.88"]
[White "Puczylowski, Marcin"]
[Black "Ziemniak, Piotr"]
[Result "1-0"]
[WhiteTitle "k"]
[BlackTitle "I"]
[WhiteElo "2110"]
[BlackElo "1739"]

1. e4 c5 2. Nf3 d6 3. Nc3 a6 4. d4 cxd4 5. Nxd4 Nf6 6. a4 e5 7. Nde2 Be6 8. g3
Nc6 9. Bg2 Be7 10. O-O O-O 11. h3 Bc4 12. b3 Bxe2 13. Nxe2 h6 14. Be3 Rc8 15.
Qd2 a5 16. Rfd1 Qc7 17. Rac1 Nh7 18. Nc3 Qb8 19. Nb5 Ng5 20. h4 Ne6 21. Bb6 Ned4
22. Bxd4 exd4 23. Nxd4 Nxd4 24. Qxd4 Bf6 25. Qb6 Bb2 26. Rb1 Rxc2 27. Rxd6 Be5
28. Rd3 Bc7 29. Qb5 Qa7 30. Rf1 Rc8 31. Qf5 Bb6 32. Rd7 Rf8 33. e5 Rc7 34. Bd5
Rxd7 35. Qxd7 Bd4 36. Qd6 Bc5 37. Qc7 Bd4 38. Kg2 Qa6 39. Rd1 Qa7 40. f4 Bb2 41.
Bxf7+ Kh8 42. Rd8 Ba3 43. Qc8 Qc5 44. Rxf8+ Qxf8 45. Qxf8+ Bxf8 46. h5 1-0

[Event "DRUZYNOWE MISTRZOSTWA POLSKI - II LIGA 2018"]
[Site "Jastrzebia Gora"]
[Date "1899-12-30"]
[Round "3.89"]
[White "Wasik, Roman"]
[Black "Zurkowski, Andrzej"]
[Result "0-1"]
[WhiteTitle "II+"]
[BlackTitle "k+"]
[WhiteElo "1483"]
[BlackElo "2048"]

1. Nf3 d5 2. d4 Nf6 3. e3 g6 4. c4 c6 5. Nc3 Bg7 6. Qc2 O-O 7. Bd3 Bg4 8. Qe2 e5
9. dxe5 Nfd7 10. h3 Bxf3 11. gxf3 Nxe5 12. cxd5 cxd5 13. Bd2 Nbc6 14. Nb5 Nxd3+
15. Qxd3 Bxb2 16. Rb1 Bg7 17. Nc3 d4 18. Ne4 dxe3 19. Qxe3 Nd4 20. O-O f5 21.
Nc5 Re8 22. Nxb7 Qd5 23. Qa3 Nxf3+ 24. Kh1 Nxd2+ 25. f3 Nxf1 0-1

[Event "DRUZYNOWE MISTRZOSTWA POLSKI - II LIGA 2018"]
[Site "Jastrzebia Gora"]
[Date "1899-12-30"]
[Round "3.90"]
[White "Kasperek, Joanna"]
[Black "Kozubal, Aleksandra"]
[Result "1-0"]
[WhiteTitle "k++"]
[BlackTitle "I++"]
[WhiteElo "2051"]
[BlackElo "1754"]

1. e4 c5 2. Nf3 a6 3. d4 cxd4 4. Nxd4 Nf6 5. Nc3 e5 6. Nb3 Bb4 7. Bd3 d5 8. exd5
Nxd5 9. Bd2 Bxc3 10. bxc3 Nc6 11. O-O O-O 12. Qf3 f5 13. Bc4 e4 14. Qg3 b5 15.
Bxd5+ Qxd5 16. Rad1 Kh8 17. Bf4 Qc4 18. h4 a5 19. h5 Ra7 20. h6 g6 21. Rd6 Re7
22. Nxa5 Nxa5 23. Be5+ Kg8 24. Rxg6+ Kf7 25. Rg7+ Ke8 26. Rxe7+ Kxe7 27. Bd6+
Ke8 28. Bxf8 Kxf8 29. Qg7+ Ke8 30. Qh8+ Ke7 31. Qxh7+ Qf7 32. Qh8 Qf8 33. Qe5+
Be6 34. h7 Nc6 35. Qc5+ 1-0

[Event "DRUZYNOWE MISTRZOSTWA POLSKI - II LIGA 2018"]
[Site "Jastrzebia Gora"]
[Date "1899-12-30"]
[Round "3.91"]
[White "Zakrzewski, Marek"]
[Black "Borawski, Jakub"]
[Result "1/2-1/2"]
[WhiteTitle "FM"]
[BlackTitle "k"]
[WhiteElo "2352"]
[BlackElo "2150"]

1. e4 e5 2. Nf3 Nc6 3. d4 exd4 4. Nxd4 Bc5 5. Nb3 Bb6 6. Nc3 Nge7 7. Bg5 f6 8.
Bh4 d6 9. Qd2 O-O 10. Bc4+ Kh8 11. f4 Ng6 12. Bg3 Na5 13. Nxa5 Bxa5 14. O-O-O
Qe8 15. h4 Ne7 16. f5 b5 17. Be2 Bb7 18. Bf3 Nc6 19. Qe3 Bb6 20. Qd3 Nd4 21. Nd5
Bxd5 22. exd5 Nxf3 23. Qxf3 Qe3+ 24. Qxe3 Bxe3+ 25. Kb1 Rae8 26. Rhe1 g6 27. fxg6
hxg6 28. Re2 Bc5 29. Rde1 Rxe2 30. Rxe2 Kg7 31. c4 bxc4 32. Kc2 Kf7 33. Kc3 Rb8
34. Re4 Rb5 35. Rxc4 Bb6 36. a4 Rxd5 37. b4 a5 38. Re4 axb4+ 39. Kxb4 Ba5+ 40.
Kc4 Rc5+ 41. Kd4 Rc2 42. Kd5 Rxg2 43. Be1 f5 44. Re3 Bb6 45. Ra3 Rc2 46. Bc3 Ba5
47. Bxa5 Rc5+ 48. Kd4 Rxa5 49. Kc4 Ke6 50. Kb4 Ra8 51. Kb5 f4 52. a5 Kf5 53. Ra1
f3 54. Rg1 f2 55. Rf1 Kg4 56. Rxf2 Kxh4 57. Rh2+ Kg4 58. Rg2+ Kf5 59. Rf2+ Ke4
60. Rg2 Kf5 61. Rf2+ Kg4 62. Rg2+ Kh5 63. Rh2+ Kg5 64. Rg2+ Kf5 65. Rf2+ 1/2-1/2

[Event "DRUZYNOWE MISTRZOSTWA POLSKI - II LIGA 2018"]
[Site "Jastrzebia Gora"]
[Date "1899-12-30"]
[Round "3.92"]
[White "Daniel, Damian"]
[Black "Hemmerling, Jaroslaw"]
[Result "1-0"]
[WhiteTitle "k"]
[BlackTitle "I++"]
[WhiteElo "2174"]
[BlackElo "1910"]

1. d4 d5 2. c4 e6 3. Nc3 Nc6 4. Nf3 Be7 5. Bf4 Nf6 6. e3 O-O 7. h3 a6 8. c5 b6
9. cxb6 cxb6 10. Rc1 Bb7 11. Bd3 Rc8 12. O-O b5 13. Nd2 Na5 14. Nb3 Nc4 15. Qe2
Qb6 16. Bg5 Rc7 17. Nc5 Re8 18. b3 Nd6 19. Rc2 Nde4 20. Bxe4 Nxe4 21. Bxe7 Nxc3
22. Rxc3 Rexe7 23. f4 Bc8 24. Rfc1 h6 25. b4 Qd6 26. Qc2 Qb6 27. Kf2 Qd6 28. Re1
g6 29. Ke2 Kg7 30. Nb3 Rc4 31. Na5 Rxc3 32. Qxc3 Bb7 33. Qc5 Qxc5 34. bxc5 Rc7
35. Kd2 Kf8 36. Kc3 Ke8 37. Kb4 Bc6 38. Rb1 Kd7 39. Nb3 Ra7 40. Ka5 Kc7 41. Nc1
f6 42. Nd3 Ra8 43. g4 Rb8 44. Nb4 Ra8 45. h4 Kb7 46. Rg1 Rh8 47. h5 Rg8 48. hxg6
Rxg6 49. Rh1 Bd7 50. Rh5 Be8 51. f5 Rxg4 52. Rxh6 exf5 53. Rh7+ Kc8 54. Nxd5 Rg2
55. Rh8 Rxa2+ 56. Kb6 Kd8 57. Nc7 Kd7 58. Nxe8 Rc2 59. d5 1-0

[Event "DRUZYNOWE MISTRZOSTWA POLSKI - II LIGA 2018"]
[Site "Jastrzebia Gora"]
[Date "1899-12-30"]
[Round "3.93"]
[White "Bajerlein, Dawid"]
[Black "Szmyd, Marek"]
[Result "1-0"]
[WhiteTitle "k"]
[BlackTitle "k"]
[WhiteElo "2026"]
[BlackElo "1921"]

1. d4 b6 2. c4 Bb7 3. Nc3 Nf6 4. Qc2 d5 5. cxd5 Nxd5 6. e4 Nxc3 7. bxc3 e6 8. Nf3
Be7 9. Bc4 O-O 10. O-O c5 11. Bb2 Qc7 12. Rac1 Nc6 13. Qe2 Na5 14. Bd3 c4 15.
Bb1 Rac8 16. Rcd1 Rfe8 17. Rfe1 b5 18. Bc1 Bf8 19. e5 Bxf3 20. Qxf3 Red8 21. Re4
Be7 22. Rde1 g6 23. h4 b4 24. h5 bxc3 25. Rg4 Kg7 26. Qf4 g5 27. Qe4 Rh8 28. Bxg5
Bxg5 29. Rxg5+ Kf8 30. h6 Nc6 31. Rg7 Qd7 32. Rd1 Rd8 33. Rxh7 Rg8 34. Qf4 Rb8
35. Qf6 Qe7 36. Qf3 Nxd4 37. Rxd4 Rxb1+ 38. Kh2 c2 39. Rd8+ 1-0

[Event "DRUZYNOWE MISTRZOSTWA POLSKI - II LIGA 2018"]
[Site "Jastrzebia Gora"]
[Date "1899-12-30"]
[Round "3.94"]
[White "Zminda, Bogdan"]
[Black "Bernat, Marcin"]
[Result "1/2-1/2"]
[WhiteTitle "k"]
[BlackTitle "k"]
[WhiteElo "1982"]
[BlackElo "2080"]

1. e4 e6 2. Nf3 d5 3. Nc3 Nf6 4. e5 Nfd7 5. d4 c5 6. Bb5 a6 7. Bxd7+ Bxd7 8. O-O
Nc6 9. Re1 cxd4 10. Nxd4 Be7 11. Nxc6 Bxc6 12. Qg4 g5 13. Qh5 h6 14. Ne2 d4 15.
c3 Qd5 16. f3 Qxe5 17. cxd4 Qf6 18. Be3 Bd5 19. Nc3 Rd8 20. Bf2 O-O 21. Re5 Bd6
22. Ne4 Bxe4 23. Rxe4 Bf4 24. g3 Bc7 25. h4 Rd5 26. hxg5 Rxg5 27. Rg4 Rxg4 28.
Qxg4+ Qg6 29. Qxg6+ fxg6 30. Kg2 h5 31. Rc1 Bd6 32. Rc3 Rd8 33. f4 h4 34. gxh4
Bxf4 35. Kf3 Rf8 36. Ke4 Bd6 37. Bg3 Bxg3 38. Rxg3 Kf7 39. Rf3+ Ke7 40. Rxf8 Kxf8
41. Ke5 Ke7 42. b4 b6 43. a4 Kf7 44. b5 axb5 45. axb5 Ke7 46. Ke4 Kf6 47. Kf4
1/2-1/2

[Event "DRUZYNOWE MISTRZOSTWA POLSKI - II LIGA 2018"]
[Site "Jastrzebia Gora"]
[Date "1899-12-30"]
[Round "3.95"]
[White "Glatty, Zbigniew"]
[Black "Borowski, Przemyslaw"]
[Result "1-0"]
[WhiteTitle "I"]
[BlackTitle "I"]
[WhiteElo "1823"]
[BlackElo "1807"]

1. e4 c5 2. Nf3 a6 3. c4 d6 4. Nc3 Nf6 5. d4 cxd4 6. Nxd4 g6 7. Be2 Bg7 8. Be3
Nc6 9. Qd2 O-O 10. O-O Ng4 11. Bxg4 Bxg4 12. f3 Be6 13. b3 Qa5 14. Rfd1 Rfc8 15.
Rac1 Nxd4 16. Bxd4 Bxd4+ 17. Qxd4 b5 18. Nd5 Bxd5 19. Qxd5 Qxa2 20. cxb5 axb5
21. Qxb5 Rxc1 22. Rxc1 Qd2 23. Qc4 Ra2 24. Qc8+ Kg7 25. Qc3+ Qxc3 26. Rxc3 Rb2
27. Rc7 Kf6 28. Rb7 e6 29. Rd7 Ke5 30. Rxf7 d5 31. exd5 exd5 32. Rxh7 Kd4 33.
Rg7 Ke3 34. h4 d4 35. Rxg6 d3 36. Re6+ Kf4 37. Re4+ Kf5 38. g4+ Kf6 39. Rd4 d2
40. Kf1 Ke5 41. Rd3 Kf4 42. Ke2 Kg3 43. h5 Kf4 44. h6 d1=Q+ 45. Kxd1 Rh2 46. b4
Rxh6 47. Kc2 1-0

[Event "DRUZYNOWE MISTRZOSTWA POLSKI - II LIGA 2018"]
[Site "Jastrzebia Gora"]
[Date "1899-12-30"]
[Round "3.96"]
[White "Czaplewska, Klara"]
[Black "Kupsik, Joanna"]
[Result "1-0"]
[WhiteTitle "k+"]
[BlackTitle "I"]
[WhiteElo "1873"]
[BlackElo "1727"]

1. e4 c5 2. Nf3 e6 3. d4 cxd4 4. Nxd4 Nc6 5. Be2 Qc7 6. O-O a6 7. Be3 Nf6 8. Nd2
d5 9. Nxc6 bxc6 10. exd5 cxd5 11. c4 Bd6 12. h3 Bb7 13. Rc1 Rc8 14. cxd5 Qxc1
15. Qxc1 Rxc1 16. Rxc1 Nxd5 17. Ne4 Kd7 18. Nxd6 Kxd6 19. Bc5+ Kd7 20. Bd4 f6
21. g3 Rc8 22. Rxc8 Kxc8 23. Kf1 Kd7 24. Ke1 Nb4 25. Bc5 Nd5 26. Kd2 Kc6 27. Bf8
g6 28. Kc2 Kb6 29. Bc4 Bc6 30. Bg7 f5 31. Bd4+ Kb7 32. a3 Nc7 33. Kd3 Bd5 34.
Be5 Ne8 35. Bxd5+ exd5 36. Kd4 Kc6 37. b4 Nd6 38. Bxd6 Kxd6 39. a4 Kc6 40. h4
h6 41. f4 Kd6 42. b5 a5 43. b6 Kc6 44. b7 Kxb7 45. Kxd5 Kb6 46. Kd6 Kb7 47. Kc5
Kc7 48. Kb5 Kd6 49. Kxa5 Kc5 50. Ka6 Kc6 51. a5 h5 52. Ka7 Kc7 53. a6 Kc8 54.
Kb6 Kb8 55. Kc6 Ka7 56. Kd6 Kxa6 57. Ke6 1-0

[Event "DRUZYNOWE MISTRZOSTWA POLSKI - II LIGA 2018"]
[Site "Jastrzebia Gora"]
[Date "1899-12-30"]
[Round "3.97"]
[White "Banasik, Krzysztof"]
[Black "Kosiorek, Marek"]
[Result "1-0"]
[WhiteTitle "k"]
[BlackTitle "m"]
[WhiteElo "2231"]
[BlackElo "2307"]

1. d4 Nf6 2. Bf4 g6 3. e3 Bg7 4. Nc3 O-O 5. h4 h5 6. Nf3 c5 7. Be2 cxd4 8. exd4
Qb6 9. Rb1 d6 10. O-O Bf5 11. Bg5 Nbd7 12. d5 Rfc8 13. Be3 Qa5 14. Nd4 Be4 15.
Nb3 Qc7 16. f3 Bf5 17. Nd4 Nb6 18. Nxf5 gxf5 19. Bf2 a6 20. Re1 e6 21. dxe6 fxe6
22. Bd3 Re8 23. Qd2 Nbd7 24. Ne2 Ne5 25. Nd4 Qf7 26. Rbd1 Rad8 27. Bf1 Kh7 28.
Be3 Rd7 29. Bg5 Kg8 30. b3 Nh7 31. f4 Ng6 32. Nxe6 Rxe6 33. Rxe6 Qxe6 34. Bc4
d5 35. Bxd5 Rxd5 36. Qxd5 Qxd5 37. Rxd5 Nxg5 38. hxg5 Nxf4 39. Rxf5 Ne2+ 40. Kf2
Nd4 41. Rc5 Ne6 42. Rd5 Nf8 43. Kf3 Kf7 44. Rd8 Be5 45. Ke4 Bh2 46. Kf5 Bc7 47.
Rd1 b6 48. Rh1 Ng6 49. Rxh5 Ne7+ 50. Kg4 Be5 51. Rh6 Bd4 52. Kf4 a5 53. Ke4 Bc5
54. a4 Kg7 55. c3 Ng6 56. Kf5 Ne7+ 57. Ke4 Ng6 58. Kd5 Be3 59. Kc6 Ne7+ 60. Kb5
Nd5 61. Kc4 Bxg5 62. Rh5 Ne3+ 63. Kd3 Bf4 64. g3 Ng2 65. Ke2 Bc1 66. Rh2 Ne3 67.
Rh1 Bb2 68. Kxe3 Bxc3 69. Ke4 1-0

[Event "DRUZYNOWE MISTRZOSTWA POLSKI - II LIGA 2018"]
[Site "Jastrzebia Gora"]
[Date "1899-12-30"]
[Round "3.98"]
[White "Myc, Marcin"]
[Black "Kowalczyk, Rafal"]
[Result "1-0"]
[WhiteTitle "m"]
[BlackTitle "k+"]
[WhiteElo "2267"]
[BlackElo "2242"]

1. c4 Nf6 2. Nf3 e6 3. Nc3 d5 4. d4 Be7 5. cxd5 exd5 6. Bg5 O-O 7. e3 c6 8. Qc2
Re8 9. Bd3 h6 10. Bxf6 Bxf6 11. O-O a5 12. a3 Na6 13. Rab1 Bg4 14. Nd2 Qd6 15.
Rfc1 h5 16. Na4 Bd8 17. h3 Bc7 18. hxg4 Qh2+ 19. Kf1 hxg4 20. Bxa6 bxa6 21. Qf5
Qh4 22. Rxc6 g6 23. Qf6 Qh2 24. Ke2 Bd8 25. Qd6 Qh5 26. g3 Qf5 27. Nb6 Re6 28.
Qc5 Bxb6 29. Qxb6 Re7 30. Qc5 Rae8 31. Rc1 Kg7 32. Rc8 Rxc8 33. Qxc8 Qf6 34. Rh1
1-0

[Event "DRUZYNOWE MISTRZOSTWA POLSKI - II LIGA 2018"]
[Site "Jastrzebia Gora"]
[Date "1899-12-30"]
[Round "3.99"]
[White "Tustanowski, Robert"]
[Black "Czapla, Andrzej"]
[Result "1-0"]
[WhiteTitle "m"]
[BlackTitle "I"]
[WhiteElo "2238"]
[BlackElo "1987"]

1. e4 c6 2. d4 d5 3. Nc3 g6 4. h3 Bg7 5. Nf3 dxe4 6. Nxe4 Nd7 7. Bc4 Ngf6 8. Qe2
Nxe4 9. Qxe4 Nf6 10. Qh4 Qa5+ 11. Bd2 Qh5 12. Qxh5 Nxh5 13. O-O-O O-O 14. Rhe1
Re8 15. Bb3 Nf6 16. Ne5 e6 17. c4 Nd7 18. Bf4 Nxe5 19. dxe5 c5 20. Bg5 b5 21.
cxb5 Bb7 22. f3 h6 23. Bd2 Bd5 24. Bxd5 exd5 25. Ba5 Bxe5 26. Rxd5 Bf4+ 27. Kd1
Rxe1+ 28. Bxe1 Be3 29. Bc3 g5 30. Ke2 Bg1 31. Kd3 Re8 32. a4 Re3+ 33. Kc4 Re2
34. a5 Rxg2 35. b6 axb6 36. axb6 Bh2 37. b7 Re2 38. Re5 1-0

[Event "DRUZYNOWE MISTRZOSTWA POLSKI - II LIGA 2018"]
[Site "Jastrzebia Gora"]
[Date "1899-12-30"]
[Round "3.100"]
[White "Lukasik, Adam"]
[Black "Siekaniec, Jan"]
[Result "1-0"]
[WhiteTitle "I"]
[BlackTitle "k"]
[WhiteElo "1985"]
[BlackElo "2071"]

1. d4 Nf6 2. Nf3 g6 3. c4 Bg7 4. g3 O-O 5. Bg2 d6 6. O-O Nbd7 7. Nc3 e5 8. h3 Re8
9. e4 c6 10. Be3 exd4 11. Nxd4 Nc5 12. Qc2 a5 13. Rad1 Nfd7 14. f4 a4 15. Rfe1
Qa5 16. Nde2 Qb4 17. a3 Qxc4 18. Rxd6 Nf8 19. Bd4 Nb3 20. Bf2 Qa6 21. Kh2 Ne6
22. e5 Bf8 23. Ne4 Be7 24. N2c3 Kg7 25. Rdd1 Nc7 26. Bf1 Qa5 27. Bc4 Be6 28. Bxe6
Nxe6 29. Nd6 Bxd6 30. exd6 Red8 31. Re5 c5 32. Ne4 Rac8 33. Rxe6 fxe6 34. Ng5
Nd4 35. Qe4 Qa6 36. Qe5+ Kg8 37. Bxd4 cxd4 38. Qxe6+ Kf8 39. Qf7# 1-0

[Event "DRUZYNOWE MISTRZOSTWA POLSKI - II LIGA 2018"]
[Site "Jastrzebia Gora"]
[Date "1899-12-30"]
[Round "3.101"]
[White "Tustanowski, Mateusz"]
[Black "Kurpiewski, Slawomir"]
[Result "1-0"]
[WhiteTitle "I++"]
[BlackTitle "k"]
[WhiteElo "2064"]
[BlackElo "1997"]

1. e4 e5 2. Nf3 Nc6 3. Bc4 Nf6 4. Ng5 d5 5. exd5 Na5 6. Bb5+ c6 7. dxc6 bxc6 8.
Bd3 Nd5 9. Nf3 Bd6 10. O-O O-O 11. Re1 Qc7 12. Bf1 f5 13. c4 Nf6 14. c5 Bxc5 15.
b4 Bxb4 16. Nxe5 Bd6 17. d4 Be6 18. Qa4 Ne4 19. f3 Bxe5 20. dxe5 Qxe5 21. fxe4
Qxa1 22. Qxa5 Qxb1 23. Qe5 Qxa2 24. Re2 Qc4 25. Bb2 Rf7 26. Re3 Qa2 27. Ra3 Qb1
28. Rg3 Rc8 29. Rxg7+ Kf8 30. Qd6+ 1-0

[Event "DRUZYNOWE MISTRZOSTWA POLSKI - II LIGA 2018"]
[Site "Jastrzebia Gora"]
[Date "1899-12-30"]
[Round "3.102"]
[White "Waszczuk, Patrycja"]
[Black "Kopica, Paulina"]
[Result "0-1"]
[WhiteTitle "k"]
[BlackTitle "k"]
[WhiteElo "1983"]
[BlackElo "1940"]

1. f4 d5 2. Nf3 c5 3. g3 Nc6 4. Bg2 Nf6 5. O-O Bf5 6. d3 Qd7 7. Ne5 Qc7 8. Nxc6
Qxc6 9. Nd2 O-O-O 10. e4 dxe4 11. Qe1 Qd7 12. dxe4 Bh3 13. Nf3 Bxg2 14. Kxg2 e6
15. e5 Nd5 16. Bd2 Nb6 17. a4 Qc6 18. Qe2 Be7 19. c4 Nxc4 20. Be1 Rd4 21. Bf2
Re4 22. Qc2 Rd8 23. Rad1 Rxd1 24. Qxd1 Nxb2 25. Qc2 Nc4 26. Kg1 Ne3 27. Bxe3 Rxe3
28. Qf2 Ra3 29. Kg2 Qxa4 30. Kh3 Qe4 31. Nd2 Qf5+ 32. Kg2 Qc2 33. Re1 Ra2 34.
Re2 Qd3 0-1

[Event "DRUZYNOWE MISTRZOSTWA POLSKI - II LIGA 2018"]
[Site "Jastrzebia Gora"]
[Date "1899-12-30"]
[Round "3.103"]
[White "Krzywicki, Dariusz"]
[Black "Zielinski, Przemyslaw"]
[Result "1/2-1/2"]
[WhiteTitle "m"]
[BlackTitle "m"]
[WhiteElo "2130"]
[BlackElo "2299"]

1. Nf3 c5 2. g3 d5 3. c4 d4 4. b4 cxb4 5. a3 bxa3 6. Bxa3 Nc6 7. Bg2 e5 8. Bxf8
Kxf8 9. d3 g6 10. Nbd2 Kg7 11. O-O Qc7 12. Qb3 h6 13. Rfb1 Nf6 14. Ne1 Nd7 15.
Nc2 Rb8 16. Qa3 b6 17. Ne4 Bb7 18. Qd6 Rhc8 19. Qxc7 Rxc7 20. Nd6 a5 21. Nb5 Rcc8
22. Nd6 Rc7 23. Nb5 Rcc8 24. Nd6 Rc7 1/2-1/2

[Event "DRUZYNOWE MISTRZOSTWA POLSKI - II LIGA 2018"]
[Site "Jastrzebia Gora"]
[Date "1899-12-30"]
[Round "3.104"]
[White "Bednarczyk, Damian"]
[Black "Krzewski, Dariusz"]
[Result "1-0"]
[WhiteTitle "k"]
[BlackTitle "k"]
[WhiteElo "2215"]
[BlackElo "2182"]

1. d4 b5 2. a4 b4 3. c4 Bb7 4. Nd2 Nf6 5. Qc2 d6 6. Ngf3 c5 7. d5 g6 8. b3 Bg7
9. Bb2 O-O 10. e4 e5 11. Bd3 Bc8 12. g3 Nh5 13. Nh4 Bf6 14. Ng2 Bh3 15. Ne3 Bg5
16. O-O-O Qc8 17. Nf3 Bh6 18. Kb1 f5 19. exf5 gxf5 20. g4 Bxe3 21. fxe3 Ng7 22.
Rdg1 Bxg4 23. Ng5 h6 24. Ne6 Nxe6 25. Bxf5 Rxf5 26. Qxf5 Ng7 27. Qxg4 Qxg4 28.
Rxg4 Kf7 29. Rf1+ 1-0

[Event "DRUZYNOWE MISTRZOSTWA POLSKI - II LIGA 2018"]
[Site "Jastrzebia Gora"]
[Date "1899-12-30"]
[Round "3.105"]
[White "Kupryjaniuk, Tomasz"]
[Black "Lapczynski, Artur"]
[Result "1-0"]
[WhiteTitle "I"]
[BlackTitle "I"]
[WhiteElo "1878"]
[BlackElo "2050"]

1. e4 c5 2. c3 e5 3. Nf3 Nc6 4. Bc4 Nf6 5. O-O Nxe4 6. d4 d5 7. Bb5 exd4 8. cxd4
a6 9. Bxc6+ bxc6 10. Ne5 Qf6 11. Nc3 cxd4 12. Qxd4 Nxc3 13. Qxc3 c5 14. Re1 Be7
15. Qb3 d4 16. Bg5 Qxg5 17. Qxf7+ Kd8 18. Qd5+ Kc7 19. Qc6+ Kb8 20. Qb6+ Bb7 21.
Nc6+ Kc8 22. Rxe7 1-0

[Event "DRUZYNOWE MISTRZOSTWA POLSKI - II LIGA 2018"]
[Site "Jastrzebia Gora"]
[Date "1899-12-30"]
[Round "3.106"]
[White "Mirski, Michal"]
[Black "Hennig, Tadeusz"]
[Result "1/2-1/2"]
[WhiteTitle "I"]
[BlackTitle "I+"]
[WhiteElo "1988"]
[BlackElo "2019"]

1. e4 d5 2. exd5 Nf6 3. Nf3 Nxd5 4. d4 Bg4 5. Be2 e6 6. O-O Be7 7. c4 Nb6 8. Nc3
O-O 9. h3 Bh5 10. Be3 c6 11. Ne5 Bxe2 12. Qxe2 N8d7 13. Rad1 Qc7 14. Bf4 Qc8 15.
Ne4 Nf6 16. Nxf6+ Bxf6 17. Ng4 Qd8 18. Nxf6+ Qxf6 19. Be5 Qe7 20. c5 Nc8 21. Rd3
Qd7 22. Qg4 f6 23. Bf4 Ne7 24. Bd6 Rfe8 25. Qe4 Nf5 26. Bf4 Rad8 27. Rfd1 Qd5
28. f3 Qxa2 29. b3 Rd5 30. g4 Nh4 31. R1d2 Qa5 32. Bg3 Ng6 33. Bd6 Qd8 34. f4
Qd7 35. Re2 b6 36. f5 Nf8 37. Bxf8 Rxf8 38. fxe6 Qe7 39. b4 Rfd8 40. Kg2 g6 41.
Ra2 1/2-1/2

[Event "DRUZYNOWE MISTRZOSTWA POLSKI - II LIGA 2018"]
[Site "Jastrzebia Gora"]
[Date "1899-12-30"]
[Round "3.107"]
[White "Bielski, Jerzy"]
[Black "Wnek, Filip"]
[Result "0-1"]
[WhiteTitle "I"]
[BlackTitle "I"]
[WhiteElo "1707"]
[BlackElo "1806"]

1. d4 f5 2. Nf3 Nf6 3. c4 d6 4. Nc3 g6 5. g3 Bg7 6. Bg2 O-O 7. O-O c6 8. Re1 Ne4
9. Qd3 Nxc3 10. Qxc3 Qe8 11. Qd3 e5 12. dxe5 dxe5 13. e4 f4 14. Bd2 Na6 15. b4
Be6 16. Rac1 Rd8 17. Qc3 Bg4 18. h3 Bxf3 19. Bxf3 fxg3 20. Rcd1 Nxb4 21. Bg5 Rxd1
22. Rxd1 Qf7 23. Kg2 gxf2 24. Kxf2 Nc2 25. Rd3 Nd4 26. Kg2 Nxf3 27. Rxf3 Qxf3+
28. Qxf3 Rxf3 29. Kxf3 Kf7 30. Be3 b6 31. Kg4 Bf6 32. Kf3 Ke6 33. Ke2 Kd6 34.
Kd3 c5 35. Bh6 a6 36. a4 Kc6 37. Be3 b5 38. axb5+ axb5 39. Kc3 h5 40. cxb5+ Kxb5
41. Bd2 Bh4 42. Kb3 Bg3 43. Kc3 c4 44. Kc2 Bf4 45. Be1 g5 46. Bf2 g4 47. hxg4
hxg4 48. Kc3 g3 49. Bg1 g2 0-1

[Event "DRUZYNOWE MISTRZOSTWA POLSKI - II LIGA 2018"]
[Site "Jastrzebia Gora"]
[Date "1899-12-30"]
[Round "4.1"]
[White "Golubka, Petro"]
[Black "Sapis, Witalis"]
[Result "1/2-1/2"]
[WhiteTitle "IM"]
[BlackTitle "IM"]
[WhiteElo "2457"]
[BlackElo "2369"]

1. e4 c6 2. d4 d5 3. e5 Bf5 4. Nf3 e6 5. Be2 Nd7 6. O-O h6 7. Nbd2 Ne7 8. c3 Bh7
9. b4 Nf5 10. Nb3 Be7 11. g4 Nh4 12. Nxh4 Bxh4 13. f4 O-O 14. Bd3 Bxd3 15. Qxd3
f5 16. Kh1 Be7 17. Rg1 Qe8 18. Bd2 Qf7 19. Na5 Rab8 20. Rg2 Kh8 21. Rag1 Rg8 22.
g5 g6 23. gxh6 Kh7 24. Qh3 Nb6 25. Be1 Qf8 26. Rg3 Nc4 27. Nxc4 dxc4 28. Qf1 b5
29. Qg2 Qe8 30. Qf3 Qd7 31. R3g2 Qd5 32. Qxd5 cxd5 33. h4 Kxh6 34. h5 g5 35. fxg5+
Rxg5 36. Bd2 Rbg8 37. Bf4 R8g7 38. Rh2 Kh7 39. Bxg5 Bxg5 40. h6 Bxh6 41. Rxg7+
Kxg7 42. Kg1 Bc1 43. Kf1 f4 44. Rc2 Be3 45. Ke2 Kg6 46. Kf3 Kf5 47. a3 a6 48.
Ra2 Bc1 49. a4 bxa4 50. Rxa4 Bb2 51. Rxa6 Bxc3 52. b5 Bxd4 53. b6 Bxb6 1/2-1/2

[Event "DRUZYNOWE MISTRZOSTWA POLSKI - II LIGA 2018"]
[Site "Jastrzebia Gora"]
[Date "1899-12-30"]
[Round "4.2"]
[White "Antolak, Julia"]
[Black "Barski, Radoslaw"]
[Result "1-0"]
[WhiteTitle "WFM"]
[BlackTitle "IM"]
[WhiteElo "2207"]
[BlackElo "2447"]

1. e4 e5 2. Nf3 Nc6 3. Bb5 a6 4. Ba4 Nf6 5. O-O Be7 6. Re1 b5 7. Bb3 d6 8. c3 O-O
9. h3 Bb7 10. d4 Re8 11. Ng5 Rf8 12. Nf3 Nd7 13. Nbd2 exd4 14. cxd4 Re8 15. Nf1
Na5 16. Bc2 c5 17. b3 Bf6 18. Bb2 Rc8 19. e5 dxe5 20. dxe5 Bxf3 21. Qxf3 Bxe5
22. Bxe5 Nxe5 23. Bxh7+ Kxh7 24. Qh5+ Kg8 25. Rxe5 Rxe5 26. Qxe5 c4 27. bxc4 Nxc4
28. Qe2 Qf6 29. Re1 Rd8 30. Ng3 g6 31. Qe4 Kg7 32. Qg4 Rd5 33. h4 Qd4 34. Nf5+
1-0

[Event "DRUZYNOWE MISTRZOSTWA POLSKI - II LIGA 2018"]
[Site "Jastrzebia Gora"]
[Date "1899-12-30"]
[Round "4.3"]
[White "Kyc, Jerzy"]
[Black "Karwowski, Kacper"]
[Result "1/2-1/2"]
[WhiteTitle "k"]
[BlackTitle "k"]
[WhiteElo "2313"]
[BlackElo "2164"]

1. e4 c5 2. Nf3 Nc6 3. d4 cxd4 4. Nxd4 Nf6 5. Nc3 e6 6. Ndb5 Bb4 7. a3 Bxc3+ 8.
Nxc3 d5 9. exd5 exd5 10. Bd3 O-O 11. O-O d4 12. Ne2 Bg4 13. f3 Bh5 14. Nf4 Bg6
15. Nxg6 hxg6 16. Bg5 Qd6 17. Qd2 Rfe8 18. Rfe1 Nd5 19. Rxe8+ Rxe8 20. Re1 Rxe1+
21. Qxe1 Ne5 22. Qe2 Nxd3 23. Qxd3 Nf4 24. Bxf4 Qxf4 25. b4 b5 26. Kf2 f5 27.
h3 Qe5 28. Qe2 Qc7 29. Qd3 Qe5 30. Qe2 Qc7 1/2-1/2

[Event "DRUZYNOWE MISTRZOSTWA POLSKI - II LIGA 2018"]
[Site "Jastrzebia Gora"]
[Date "1899-12-30"]
[Round "4.4"]
[White "Rudnicki, Milosz"]
[Black "Marszalek, Maciej"]
[Result "0-1"]
[WhiteTitle "k"]
[BlackTitle "m"]
[WhiteElo "2184"]
[BlackElo "2272"]

1. e4 e5 2. Nf3 Nc6 3. Bb5 a6 4. Ba4 Nf6 5. O-O Be7 6. Re1 b5 7. Bb3 O-O 8. c3
d5 9. exd5 Nxd5 10. Nxe5 Nxe5 11. Rxe5 Nf6 12. d4 Bd6 13. Re1 Ng4 14. Be3 Bxh2+
15. Kf1 Qh4 16. Qf3 Nxe3+ 17. Rxe3 Bg4 18. g3 Bxf3 19. gxh4 Bh5 20. Na3 Bd6 21.
Nc2 h6 22. a4 g5 23. hxg5 hxg5 24. Bd5 Rab8 25. b4 Bf4 26. Re7 Rfd8 27. Bc6 Kf8
28. Rd7 Re8 29. axb5 axb5 30. Rd5 Re6 31. Rc5 Rb6 32. d5 Be2+ 33. Kg1 Rh6 34.
Nd4 Bd3 35. Bxb5 Be4 36. f3 Bxf3 37. Nxf3 Be3+ 38. Kg2 Bxc5 39. Bc6 Bd6 40. Ra8+
Kg7 41. b5 g4 42. Nd4 Kf6 43. Rg8 Rh2+ 44. Kg1 g3 45. Kf1 Bc5 46. Nb3 Rf2+ 47.
Ke1 g2 48. Nxc5 Rf1+ 49. Ke2 g1=Q 50. Rxg1 Rxg1 51. d6 Rg8 52. d7 Ke7 53. c4 Rg5
54. Na6 Rg6 55. Nxc7 Rbxc6 56. Nd5+ Kxd7 57. bxc6+ Rxc6 58. Kd3 Rh6 59. Kd4 Kd6
60. c5+ Kd7 61. Nf4 Kc6 62. Nd3 Kd7 63. Ke5 Ke7 64. Nf4 Rh1 65. Nd5+ Kd7 66. Nf4
Rf1 67. Nd3 f6+ 68. Kd5 Rd1 69. Ke4 Kc6 70. Kd4 Rd2 71. Ke3 Rh2 72. Ke4 Rh5 73.
Kd4 Rh4+ 74. Ke3 Kd5 75. Nf2 Rc4 76. Nd3 Rc3 77. c6 Kxc6 78. Ke4 Rxd3 79. Kxd3
Kd5 80. Ke3 Ke5 81. Kf3 Kf5 82. Kg3 Ke4 83. Kf2 Kf4 0-1

[Event "DRUZYNOWE MISTRZOSTWA POLSKI - II LIGA 2018"]
[Site "Jastrzebia Gora"]
[Date "1899-12-30"]
[Round "4.5"]
[White "Popiol, Michal"]
[Black "Kowalski, Maciej"]
[Result "0-1"]
[WhiteTitle "k+"]
[BlackTitle "k"]
[WhiteElo "2182"]
[BlackElo "2071"]

1. d4 d5 2. c4 dxc4 3. e4 e5 4. Nf3 exd4 5. Bxc4 Bb4+ 6. Bd2 Bxd2+ 7. Nbxd2 Nc6
8. O-O Qf6 9. e5 Qg6 10. Re1 Nge7 11. Nb3 O-O 12. Nfxd4 Bg4 13. f3 Bh3 14. Qe2
Nxd4 15. Nxd4 Rad8 16. Nb3 b5 17. Bxb5 Bxg2 18. Qxg2 Qb6+ 19. Qf2 Qxb5 20. Rac1
Rd5 21. Rxc7 Nc6 22. Rc1 Nxe5 23. R7c5 Qd3 24. Rxd5 Qxd5 25. Rc3 Rd8 26. Nc5 Qxa2
27. Ne4 h6 28. Kg2 Rb8 29. Rc2 Ng6 30. Qd2 Qb3 31. Kg3 Re8 32. Qc3 Qb6 33. Qc5
Qb8+ 34. Qc7 Qb4 35. Qc3 Qe7 36. Kg2 Nh4+ 37. Kg1 Nxf3+ 38. Qxf3 Qxe4 39. Qxe4
Rxe4 40. Rc8+ Kh7 41. Rc7 Kg6 42. Rxa7 Rb4 43. Ra2 f5 44. Kf2 Rb3 45. Ke1 Kh5
46. Kd1 g5 47. Kc2 Rb6 48. Kc3 f4 49. b4 g4 50. Rb2 Kh4 51. Kd2 Kh3 52. Ke1 h5
53. b5 h4 54. Kf1 g3 55. hxg3 hxg3 56. Kg1 f3 57. Kh1 Re6 58. Rb1 f2 0-1